<?xml version="1.0" encoding="UTF-8"?>
<record
    xmlns:xsi="http://www.w3.org/2001/XMLSchema-instance"
    xsi:schemaLocation="http://www.loc.gov/MARC21/slim http://www.loc.gov/standards/marcxml/schema/MARC21slim.xsd"
    xmlns="http://www.loc.gov/MARC21/slim">

  <leader>00396    a2200109   4500</leader>
  <controlfield tag="001">ART_40053</controlfield>
  <controlfield tag="005">20260410161842.0</controlfield>
  <controlfield tag="008">260409a                                 </controlfield>
  <datafield tag="245" ind1="1" ind2="0">
    <subfield code="a">La firma en disconformidad en el &#xE1;mbito de la Ley N&#xBA; 19.549 y su reglamentaci&#xF3;n &#xBF;importa la interposici&#xF3;n de un recurso?</subfield>
  </datafield>
  <datafield tag="100" ind1="1" ind2=" ">
    <subfield code="a">Torres, Ismael F.</subfield>
  </datafield>
  <datafield tag="773" ind1="0" ind2=" ">
    <subfield code="t">RAP</subfield>
    <subfield code="g">- A&#xF1;o 23, N&#xBA; 266 (nov. 2000)</subfield>
    <subfield code="w">REV5941</subfield>
  </datafield>
  <datafield tag="999" ind1=" " ind2=" ">
    <subfield code="c">24169</subfield>
    <subfield code="d">24169</subfield>
  </datafield>
</record>
